| 000 | 01351nam a2200313 4500 | ||
|---|---|---|---|
| 003 | EC-UNACH | ||
| 005 | 20260313115242.0 | ||
| 006 | s||||gr|||| 00| 00 | ||
| 008 | 150116t9999 mx r gr 000 0 spa d | ||
| 020 | _a978-987-760-070-4 | ||
| 040 |
_aEC-UNACH _cEC-UNACH |
||
| 041 | _aspa | ||
| 082 | 0 | 4 |
_223 _a370.1 _bL018591 |
| 100 | _aGermán, Gregorio | ||
| 245 |
_aHacia una nueva Escuela _bLa experiencia del Proyecto Mantovani |
||
| 250 | _aPrimera Edición | ||
| 264 |
_aCórdoba, Argentina _bEditorial Brujas _c2017 |
||
| 300 |
_a190 páginas. _c15 x 23 cm |
||
| 501 | _aIncluye: Índice, Bibliografía. | ||
| 505 | _aCapítulo 1. El proyecto Mantovani -- Capítulo 2. Los conocimientos pedagógicos Fundantes -- Capítulo 3. La Cultura Institucional -- Capítulo 4. El Proyecto Pedagógico Institucional -- Capítulo 5. Nuevas Relaciones con el Conocimiento -- Capítulo 6 . La escuela activa: una respuesta a los desafíos del mundo contemporáneo -- Capítulo 7. La creatividad: un requisito de los nuevos tiempos -- Capítulo 8. La propuesta pedagógica del Nivel Inicial. | ||
| 650 | _aALUMNO | ||
| 650 | _aPEDAGOGÍA | ||
| 650 | _aCONOCIMIENTO | ||
| 650 | _aEDUCACIÓN ARGENTINA | ||
| 942 |
_2ddc _c1 |
||
| 999 | _c14399 | ||